| 000 | 00450nam a2200169Ia 4500 | ||
|---|---|---|---|
| 003 | LK-CoDNM | ||
| 008 | 010623t1915 xxu||||| |||| 00| 1 eng d | ||
| 040 |
_aLK-CoDNM _dLK-CoDNM _eLK-CoDNM |
||
| 041 | _aeng | ||
| 100 | _aSayers,W.C.Berwick. | ||
| 245 | _aCanons of Classification | ||
| 260 |
_bGrafton and Company _aLondon _c1915 |
||
| 300 | _b173p., 19 cm | ||
| 500 | _aThe Coptic Series for Librarians | ||
| 650 | _aLibrary Science | ||
| 942 | _cBK | ||
| 999 |
_c88362 _d88362 |
||